| 000 | 004320000a22001690004500 | ||
|---|---|---|---|
| 003 | MACL | ||
| 005 | 20151231171124.0 | ||
| 008 | 151231b xxu||||| |||| 00| 0 eng d | ||
| 040 |
_aMACL _cMACL |
||
| 041 | _aEnglish | ||
| 082 | _a331/SEN | ||
| 100 |
_aSengupta, Padmini _99311 |
||
| 245 | _aWomen Workers of India | ||
| 260 |
_bAsia Publishing House _c1960 _aBombay |
||
| 650 |
_aLabour Economics _92398 |
||
| 942 |
_cBK _k331/SEN _2ddc |
||
| 999 |
_c39383 _d39383 |
||